| 000 -LEADER |
| fixed length control field |
00301nam a2200109Ia 4500 |
| 008 - FIXED-LENGTH DATA ELEMENTS--GENERAL INFORMATION |
| fixed length control field |
201217s9999 xx 000 0 und d |
| 100 ## - MAIN ENTRY--PERSONAL NAME |
| Personal name |
Parsons, David |
| 245 #0 - TITLE STATEMENT |
| Title |
Employment and Manpower Surveys : A Practitioner's Guide |
| 260 ## - PUBLICATION, DISTRIBUTION, ETC. |
| Place of publication, distribution, etc. |
Aldershot |
| Name of publisher, distributor, etc. |
Gower Publishing Company |
| 300 ## - PHYSICAL DESCRIPTION |
| Extent |
193 |
| 942 ## - ADDED ENTRY ELEMENTS (KOHA) |
| Koha item type |
Books |